La reforma laboral 2012. Su impacto en la economa̕ y el empleo

Detalles Bibliográficos
Autor principal: Nę︢z-Cortš Contreras, Pilar
Formato: eBook
Lenguaje:español
Publicado: Madrid: Dykinson, 2013
Materias:
Acceso en línea:Acceso restringido

MARC

LEADER 00000nam a22000007a 4500
005 20140501225326.0
007 cr|||| ||||
008 140501s2013 es |||||s|||| 00||0 spa d
020 |a 978-84-9031-691-7 
035 |a 11755 
040 |a vLex 
090 |c 4889  |d 4889 
100 1 |a Nę︢z-Cortš Contreras, Pilar 
245 1 3 |a La reforma laboral 2012. Su impacto en la economa̕ y el empleo  |h [Recurso electrn̤ico] /  |c Pilar Nę︢z-Cortš Contreras 
256 |a Servicio en ln̕ea 
260 |a Madrid:  |b Dykinson,  |c 2013 
300 |a 1 recurso electrn̤ico 
506 1 |a Disponible solo en los productos indicados  |d vLex Global  |d vLex Global (Academic Edition, excluding Law Schools)  |d vLex Global (U.S. Academic Edition, Law Schools)  |d vLex Global (U.S. Academic Edition, excluding Law Schools)  |d vLex Global (Academic Edition, Law Schools) 
650 0 4 |a Derecho Laboral y Seguridad Social  |z Espaą 
740 0 |a vLex Libros (Servicio en ln̕ea) 
856 4 0 |u http://vlex.com/source/reforma-laboral-2012-11755  |z Acceso restringido 
942 |c BOOK 
999 0 |a Labor Law and Social Security